| 000 -ლიდერი |
| ფიქსირებული სიგრძის საკონტროლო ველი |
01269nam a22002297a 4500 |
| 003 - საკონტროლო ნომრის იდენტიფიკატორი |
| საკონტროლო ველი |
Ge_BSU |
| 005 - ბოლო ოპერაციის თარიღი და დრო |
| საკონტროლო ველი |
20200525124206.0 |
| 008 - ფიქსირებული სიგრძის მონაცემთა ელემენტები - ზოგადი ინფორმაცია |
| ფიქსირებული სიგრძის საკონტროლო ველი |
200525s2018 xxu||||| |||| 00| 0 geo d |
| 020 ## - წიგნის საერთაშორისო სტანდარტული ნომერი |
| International Standard Book Number |
9789941960703 |
| 041 ## - ენის კოდი |
| Language code of text/sound track or separate title |
geo |
| 080 ## - უნივერსალური ათობითი კლასიფიკაციის ინდექსი |
| Universal Decimal Classification number |
343(479.22)(042.4) ს-32 |
| 245 ## - ცნობა სათაურის შესახებ |
| Title |
საქართველოს სისხლის სამართალი : |
| Remainder of title |
ზოგადი ნაწილი : [სალექციო კურსი] / |
| Statement of responsibility, etc |
ჯემალ გახოკიძე ; ზურაბ მელქაძე ; ირაკლი გაბისონია ; გიორგი თოდრია ; რედ. ი. ჯაგოდნიშვილი |
| 264 ## - წარმოების, გამოცემის, დისტრიბუციის და სხვა ცნობები |
| გამოცემის, წარმოების, დისტრიბუციის... ადგილი |
თბილისი : |
| გამოცემის, წარმოების, დისტრიბუციის... სახელწოდება |
იურისტების სამყარო, |
| გამოცემის, წარმოების, დისტრიბუციის... თარიღი |
2018. |
| 300 ## - ფიზიკური აღწერა |
| Extent |
175 გვ. : |
| Dimensions |
20 სმ. |
| 653 ## - INDEX TERM--UNCONTROLLED |
| Uncontrolled term |
საქართველოს სისხლის სამართალი |
| 653 ## - INDEX TERM--UNCONTROLLED |
| Uncontrolled term |
სამართალი |
| 700 ## - ADDED ENTRY--PERSONAL NAME |
| Personal name |
მელქაძე, ზურაბ |
| 9 (RLIN) |
8181 |
| 700 ## - ADDED ENTRY--PERSONAL NAME |
| Personal name |
გაბისონია, ირაკლი |
| 9 (RLIN) |
7024 |
| 700 ## - ADDED ENTRY--PERSONAL NAME |
| Personal name |
თოდრია გიორგი |
| 9 (RLIN) |
2886 |
| 700 ## - ADDED ENTRY--PERSONAL NAME |
| Personal name |
ჯაგოდნიშვილი, ი |
| Relator term |
რედაქტორი |
| 9 (RLIN) |
8182 |
| 942 ## - ADDED ENTRY ELEMENTS (KOHA) |
| Source of classification or shelving scheme |
|
| Koha item type |
წიგნი |